Comparación Acta de Contadora

Salvato in:
Dettagli Bibliografici
Autore principale: Araya, Andrés
Natura: testo
Pubblicazione: s.l.
Tags: Aggiungi Tag
Nessun Tag, puoi essere il primo ad aggiungerne!!

MARC

LEADER 00000 a a2200000 04500
001 25125
003
040
090 |a 182000  
100 |a Araya, Andrés  
245 |a Comparación Acta de Contadora  
260 |a s.l.  
300 |a 6 p.   |b **no definido**  
999 |c 14697  |d 14697